|
|
|
|
| LEADER |
00000cam a2200000 a 4500 |
| 001 |
2939 |
| 005 |
20230308155911.0 |
| 008 |
000000|1914 ||||||||r|||||||||||spa|| |
| 040 |
|
|
|b spa
|
| 041 |
1 |
|
|a spa
|
| 082 |
0 |
|
|a 630.7
|
| 100 |
1 |
|
|a Zolla, Daniel
|9 14831
|
| 245 |
|
|
|a La Agricultura moderna
|c Daniel Zolla. Traducción de Julio López Oliván
|h imp
|
| 264 |
|
|
|a Madrid
|b Librería Gutemberg de José Ruiz
|c 1914
|
| 300 |
|
|
|a 365 páginas:
|c 18 cm
|
| 490 |
|
|
|a Biblioteca de Filosofía Científica
|
| 504 |
|
|
|a incl. ref.
|
| 650 |
1 |
|
|a Agricultura
|9 1206
|
| 852 |
|
|
|a UC-CDJBV
|c ESTANTERIA CERRADA
|f Compra
|k margarita.gutierrez
|l 1
|m Limitada
|p 00000000
|q 5,00
|t 2939
|b 1
|d CDRC
|e CDRC
|g 630.7 ESTANTERIA CERRADA
|z 0000-00-00
|
| 942 |
|
|
|c BK
|
| 999 |
|
|
|c 8074
|d 8074
|